Top 10 Countries with the most Urban Population - Statistics

General Stats
  • This quiz has been taken 22 times
  • The average score is 9 of 10
Answer Stats
Country Urban Population % Correct
Brazil 191,000,000
100%
China 899,000,000
100%
India 513,000,000
100%
Russia 109,000,000
100%
Japan 114,000,000
95%
Nigeria 124,000,000
95%
United States 285,000,000
95%
Mexico 105,000,000
89%
Pakistan 92,000,000
89%
Indonesia 163,000,000
84%
No matching quizzes found
Score Distribution
Percent of People with Each Score
Percentile by Number Answered
Your Score History
You have not taken this quiz